02325nam a22003017a 4500003000900000008004100009040007100050082002000121110005500141245007500196260004300271300004600314440008900360505122000449650002301669650002801692650002901720650001701749650001601766700002801782700004001810700002901850700003901879700002101918700003001939700003701969700001702006AR-CdUCM190425b ||||| |||| 00| 0 spa d aMUNICIPALIDAD PROVINCIAL DEL CUSCOcBIBLIOTECA MUNICIPAL DEL CUSCO aAndes/N°2/1995 aUniversidad Nacional de San Antonio Abad del Cusco aAndes :bRevista de Ciencias Sociales /cFacultad de Ciencias Sociales aCusco.bUniversitaria,bAmauta,c1995. a286 páginas. :bIlustraciones ;c21 cm. aAndes Revista Semestre de la Facultad de Ciencias Sociales semestre 95-InN° 2.1995 aContenido: El problema de los orígenes en el pensamiento andino prehispánico, la cosmogénesis o el problema del mundo y los seres. Max Aguirre Cárdenas. -- La cosmogénesis o el problema del mundo y los seres, cobo y la representación andina del espacio. Max Aguirre Cárdenas. -- El Perú, por que y para que la filosofía. Francisco Miro Quesada Cantuarias. -- El estudio del comportamiento en la realidad andina. Gustavo Valdivia Rivera. -- Psicología y folklore, psicoanálisis y análisis psicosocial. Gustavo Valdivia Rivera. -- El Kharisiri, un enfoque epidemiológico. Alison Spedding. -- El Kharisiri. Spedding Pallet. -- Eficacia simbólica en la medicina tradicional andina un caso de comunicación y cultura. Efraín Cáceres. -- Preparando un inka. Juan Núñez del Prado. -- Juego y sacralidad. Luis Negrón Alonso. -- Káminakuay willankuy insultos y chistes. Luis Negrón Alonso. -- una estructura funeraria del horizonte medio en batan orq'o Cusco. Julinho Zapata Rodríguez. -- Juan de Salas Valdés, un ilustre asturiano en el Perú del siglo XVI. María del Carmen Martin Rubio. -- Hacia un calendario estelar general andino en el antiguo Perú. Tom Zuidema. aHistoria del Cusco aArqueología del Cusco aAntropología del Cusco aPsicología aFilosofía aAguirre Cárdenas, Max aQuesada Cantuarias, Francisco Miro aValdivia Rivera, Gustavo aMiro Quesada Cantuarias, Francisco aSpedding, Alison aNúñez del Prado, Juan aRubio, María del Carmen Martin aZuidema, Tom